01089nas a2200229Ia 4500001001100000003000900011008004100020040001300061040001300074041001300087100004300100210004200143222004200185245013600227250001100363260004000374501008600414300001800500362005600518500024200574650004300816R144/C1065IT-RoPAU151124c99999999xx |||||||||||| ||und|| aIT-RoPAU cIT-RoPAU aFRANCESE aMusso PierregCodice Aut. SPICS: 17552 aQUADERNI-LA REVUE DE LA COMMUNICATION aQuaderni-La Revue De La Communication aQUADERNI, N.019 (1993) - ENJEUX EUROPEENS DE LA COMMUNICATIONbAudiovisuel Et Telecommunications En Europe: Quelles Recompositions? a1a ed. aCOLOMBES (FRANCIA)bAZ PRESSEc1993 bPaulus - SPICS - Società San Paolo EM (non-commercial uses only)cCopyright2015 a23 p. [59-81] aN.019 (1993) - ENJEUX EUROPEENS DE LA COMMUNICATION aAudiovisivo e Telecomunicazioni in Europa: Quale Ricomposizione? Non sono Ne' la Cultura e Ne' la Tecnica a Fondare L'Europa della Comunicazione. Politica della Cee. Regolamentazione Delle Telecomunicazioni Segue Quella dell'Audiovisivo. aCOMUNICAZIONEvPUBBLICAZIONE PERIODICA